000 00404nam a2200133Ia 4500
008 191206s9999 xx 000 0 und d
020 _a1779220030 (correcte
090 _aHD1538Z55W65
245 0 _a"Women, men, and work: rural livelihoods in south-eastern Zimbabwe"
260 _aWeaver Press
260 _cc2001
300 _a168 p. ; 21 cm.
999 _c17312
_d17312